[Event "GER-chT U10"]
[Site "Magdeburg"]
[Date "2014.12.27"]
[Round "2.4"]
[White "Phong, Nguyen Tung"]
[Black "Wick, Jannis"]
[Result "1-0"]
[WhiteElo "600"]
[BlackElo "600"]
[PlyCount "47"]
[EventDate "2014.12.27"]
[EventType "team-swiss"]
[EventRounds "7"]
[EventCountry "GER"]
[SourceTitle "EXT 2016"]
[Source "ChessBase"]
[SourceDate "2015.10.08"]
[SourceVersion "1"]
[SourceVersionDate "2015.10.08"]
[SourceQuality "1"]
[WhiteTeam "Berlin Schachunion II"]
[BlackTeam "Buende"]
[WhiteTeamCountry "GER"]
[BlackTeamCountry "GER"]

1. e4 e5 2. Nf3 Nc6 3. Bc4 d6 4. Ng5 f6 5. Nf7 Qd7 6. Nxh8 Qg4 7. Qxg4 Bxg4 8. 0-0 Nd4 9. Bf7+ Kd7 10. Nc3 Ne2+ 11. Nxe2 Bxe2 12. Re1 Bg4 13. f3 Be6 14. Bxe6+ Kxe6 15. d3 b5 16. a4 bxa4 17. Rxa4 c5 18. c3 f5 19. d4 cxd4 20. cxd4 exd4 21. Rxd4 Be7 22. exf5+ Kxf5 23. g3 Nf6 24. g4+ 1-0